000 00954nam a2200313 i 4500
003 EG-GICUC
005 20260427094506.0
008 260427s2024 nyu |||fr|||| 00| 0 eng d
040 _aEG-GiCUC
_beng
_cEG-GiCUC
_dEG-GiCUC
_erda
082 0 4 _221
_a343.6
_bDE . C
092 0 4 _221
099 _aLaw1 10 343.6 DE . C 2024
100 1 _aDevon, James
_eAuthor.
245 1 4 _aThe Criminal & the Community /
_cBy James Devon.
264 1 _aLondon :
_bJohn Lane the Bodley Head,
_c2024.
264 1 _aNew York :
_bJohn Lane Company Mcmxii,
300 _aVii - Xxi, 354 pages ;
_c24 cm.
336 _2rda content
_atext
337 _2rda media
_aComputer
338 _2rda carrier
_aOnline Resource
500 _aIndex
546 _aText in English
650 1 _aCriminology
_2qrmak
650 1 _aCriminal Law
_2qrmak
651 1 _2qrmak
856 4 0 _uhttps://fll.law.cu.edu.eg/fulltext/bks/B10-10679.pdf
905 _a54
942 _2ddc
_cBK
_e21
_n0
999 _c73580
_d73580